01593nam a2200313 i 4500001001000000003000900010005001700019007000300036008004100039040003000080082001900110100006400129245015300193246004900346264004500395300002500440336002700465337003300492338002800525500009500553590002800648600006000676910000700736942001400743952011900757952013700876952024901013999001701262000013329DO-SdBNP20241126103637.0ta091123s1984 dr 001 0 spa d aDO-SdBNPbspacBNPHUerda axxxxbR6962221 aRodríguez Demorizi, Emilio,d1908-1986eautor4aut.9103910aDiscurso pronunciado al recibir el premio anual de la Academia de Ciencias 1982 :bpor el Lic. Pedro Troncoso Sánchez /cEmilio Rodriguez Demorizi13aMención de las ciencias en Santo Domingo / 1aSanto Domingo : bEditora Taller, c1984 a15 páginasc23 cm. atextobtxt2rdacontent asin mediaciónbn2rdamedia avolumenbnc2rdacarrier aSeparata del Anuario de la Academia de Ciencias de la República Dominicana, no. 7, 1983. aInventariado, 2023 / DG 4aTroncoso Sánchez, PedroxProclamas y discursos986833 aDG 2ddccLBS1 00102ddc51708PDaBNPHUbBNPHUcHDd2009-11-23iLF1l0oBNPHU PD xxxx p13329-10r2020-06-25yLF2ZNo se presta 00102ddc51708PDaBNPHUbBNPHUcCTd2011-04-28iLF1l0oBNPHU PD xxxx p13329-20r2020-06-25te. 2w2020-06-25yLF2ZNo se presta 00102ddc56708DSaBNPHUbBNPHUcCTd2023-12-01eDonado por la Presidencia de la República Dominicana 2023iLF1l0oBNPHU DS xxxx p2024-6789r2024-11-27te. 3w2024-11-27yLF2zPerteneció a la biblioteca personal de Emilio Cordero Michel c12958d12958